| 000 | 00958cam a22002532 4500 | ||
|---|---|---|---|
| 001 | 0000003343 | ||
| 005 | 20151217151923.0 | ||
| 008 | 070503s xx 000 0 eng d | ||
| 020 |
_a0742525228 : _cKES 1,640 |
||
| 040 |
_aKABU _cKABU |
||
| 050 | 0 |
_aJK468 _b.I6S36 |
|
| 100 | 1 |
_aScott, Peter Dale. _@0000153185 |
|
| 245 | 1 | 0 |
_aDrugs, oil, and war : _bthe United States in Afghanistan, Colombia, and Indochina / _cPeter Dale Scott. |
| 260 |
_aLanham : _bRowman & Littlefield Publishers, _cc2003. |
||
| 300 |
_axix, 227 p. ; _c23 cm. |
||
| 440 | 0 |
_aWar and peace library _@0000153186 |
|
| 504 | _aIncludes bibliographical references and index. | ||
| 650 | 0 |
_aDrug traffic _xHistory _y20th century. _@0000153187 |
|
| 650 | 0 |
_aPetroleum industry and trade _xPolitical aspects. _@0000153188 |
|
| 651 | 0 |
_aUnited States _xForeign relations _y20th century. _@0000153189 |
|
| 908 | _a070503 | ||
| 950 | _@1 | ||
| 999 |
_c6372 _d6372 |
||